00610nam a22001812 4500001001100000005001700011008004100028020001700069040001500086245012600101250001300227260003900240300001900279650005900298700003700357700003100394852000300425000002108120151021152606.0120111s xx 000 0 eng d a0534565387 : aKABUcKABU10aCase studies in interpersonal communication :bprocesses and problems /cedited by Dawn O. Braithwaite and Julia T. Wood. a1st ed. aLondon :bThomson Learning,c2000. axviii, 278 p. 0aInterpersonal communicationxCase studies.@00001817571 aBraithwaite, Dawn O.@00001817581 aWood, Julia T.@00001817591